[Event "Fagernes Norsk op-B"]
[Site "Fagernes"]
[Date "2015.03.29"]
[Round "2"]
[White "Standal, Bard"]
[Black "Ranaldi, Lucas"]
[Result "1/2-1/2"]
[WhiteElo "1771"]
[BlackElo "2014"]
[PlyCount "87"]
[EventDate "2015.03.29"]
[EventType "swiss"]
[EventRounds "9"]
[EventCountry "NOR"]
[SourceTitle "EXT 2016"]
[Source "ChessBase"]
[SourceDate "2015.10.08"]
[SourceVersion "1"]
[SourceVersionDate "2015.10.08"]
[SourceQuality "1"]

1. Nf3 c5 2. d3 Nc6 3. Nbd2 g6 4. e4 Bg7 5. c3 d6 6. g3 e5 7. Bg2 Nge7 8. 0-0 0-0 9. Qe2 h6 10. Re1 Be6 11. Nf1 Kh7 12. h3 Qd7 13. g4 f5 14. exf5 gxf5 15. gxf5 Bxf5 16. Kh2 Ng6 17. Ng3 Be6 18. Ne4 Nf4 19. Bxf4 Rxf4 20. Rf1 Ne7 21. Rae1 Ng6 22. Nfg5+ Kh8 23. Nxe6 Qxe6 24. Bf3 Raf8 25. Bg4 Qe7 26. f3 d5 27. Ng3 Qd6 28. Nh5 Ra4 29. a3 Ra6 30. Nxg7 Kxg7 31. Kh1 Kh7 32. d4 cxd4 33. cxd4 exd4 34. Qd3 Qf6 35. Bh5 Kh8 36. Bxg6 Qxg6 37. Qxd4+ Raf6 38. Kh2 Qc2+ 39. Rf2 Qc7+ 40. f4 Kh7 41. Qd3+ Kh8 42. Qd4 Kh7 43. Qd3+ Kh8 44. Qd4 1/2-1/2

[Event "Fagernes Norsk op-B"]
[Site "Fagernes"]
[Date "2015.03.29"]
[Round "6"]
[White "Standal, Bard"]
[Black "Taksrud, Vidar"]
[Result "0-1"]
[WhiteElo "1771"]
[BlackElo "2009"]
[PlyCount "44"]
[EventDate "2015.03.29"]
[EventType "swiss"]
[EventRounds "9"]
[EventCountry "NOR"]
[SourceTitle "EXT 2016"]
[Source "ChessBase"]
[SourceDate "2015.10.08"]
[SourceVersion "1"]
[SourceVersionDate "2015.10.08"]
[SourceQuality "1"]

1. Nf3 Nf6 2. d3 d5 3. Nbd2 g6 4. e4 dxe4 5. dxe4 Bg7 6. g3 Nc6 7. c3 Bg4 8. h3 Be6 9. Qe2 h6 10. Bg2 Qd7 11. g4 0-0-0 12. Nh2 Ne5 13. 0-0 Nd3 14. b4 Nxc1 15. Raxc1 Qxd2 16. Qb5 a6 17. Qc5 Kb8 18. b5 Nd7 19. Qb4 Qd6 20. Qb2 axb5 21. Qxb5 Qc5 22. Qb2 Nb6 0-1

[Event "Politiken Cup 35th"]
[Site "Helsingor"]
[Date "2013.07.27"]
[Round "1"]
[White "Haubro, Martin"]
[Black "Standal, Bard"]
[Result "1-0"]
[WhiteElo "2201"]
[BlackElo "1807"]
[PlyCount "69"]
[EventDate "2013.07.27"]
[EventType "swiss"]
[EventRounds "10"]
[EventCountry "DEN"]
[SourceTitle "CBM 155 Extra"]
[Source "ChessBase"]
[SourceDate "2013.08.26"]
[SourceVersion "1"]
[SourceVersionDate "2013.08.26"]
[SourceQuality "1"]

1. e4 c5 2. c3 d5 3. exd5 Qxd5 4. d4 cxd4 5. cxd4 Nc6 6. Be3 e6 7. Nc3 Bb4 8. Nf3 Nge7 9. Bd3 Bxc3+ 10. bxc3 0-0 11. 0-0 b6 12. Rb1 Bb7 13. Rb5 Qd8 14. Rh5 f5 15. Ng5 Rf6 16. Rxh7 Qe8 17. Qf3 Ng6 18. Qh3 Kf8 19. Rxg7 Kxg7 20. Qh7+ Kf8 21. Qxb7 Kg8 22. Bc4 Nf8 23. Bb5 Rc8 24. f4 Qd7 25. Qa6 Qc7 26. Qa4 Nb8 27. Rc1 Qb7 28. Be2 Qd7 29. Qd1 Rc7 30. c4 Qe7 31. d5 exd5 32. Qxd5+ Ne6 33. Bd4 Rh6 34. Nxe6 Qxe6 35. Qd8+ 1-0

[Event "NOR-chT Clubs"]
[Site "Fagernes"]
[Date "2011.10.14"]
[Round "5"]
[White "Standal, Bard"]
[Black "Gulliksen, Tomm"]
[Result "1-0"]
[WhiteElo "1883"]
[BlackElo "1516"]
[PlyCount "43"]
[EventDate "2011.10.14"]
[EventType "team-tourn"]
[EventRounds "6"]
[EventCountry "NOR"]
[SourceTitle "EXT 2015"]
[Source "ChessBase"]
[SourceDate "2014.11.20"]
[SourceVersion "1"]
[SourceVersionDate "2014.11.20"]
[SourceQuality "1"]

1. Nf3 Nf6 2. d3 d5 3. Nbd2 Nc6 4. e4 e5 5. g3 a5 6. Bg2 Bc5 7. h3 0-0 8. 0-0 Nh5 9. Kh2 g6 10. a3 Be6 11. Qe2 d4 12. Re1 Qf6 13. Nf1 Qg7 14. g4 Nf6 15. Ng3 Rae8 16. Bd2 Bd6 17. Rg1 Kh8 18. Bh1 b5 19. Nh4 b4 20. Ngf5 Qg8 21. Bh6 Nd7 22. Bg7+ 1-0

[Event "Nordic-ch Seniors"]
[Site "Reykjavik"]
[Date "2011.09.14"]
[Round "5"]
[White "Gummesson, Ingvar"]
[Black "Standal, Bard"]
[Result "1-0"]
[WhiteElo "1955"]
[BlackElo "1883"]
[PlyCount "51"]
[EventDate "2011.09.10"]
[EventType "swiss"]
[EventRounds "9"]
[EventCountry "ISL"]
[SourceTitle "CBM 144 Extra"]
[Source "ChessBase"]
[SourceDate "2011.10.28"]
[SourceVersion "1"]
[SourceVersionDate "2011.10.28"]
[SourceQuality "1"]

1. d4 Nf6 2. Nf3 g6 3. c4 Bg7 4. Nc3 d6 5. e3 0-0 6. Be2 Nbd7 7. 0-0 e5 8. Qc2 c6 9. Rd1 Qc7 10. b3 Re8 11. Bb2 e4 12. Nd2 d5 13. Rac1 Qd6 14. cxd5 Nxd5 15. Ndxe4 Qe7 16. Nxd5 cxd5 17. Nc3 Nb6 18. Nb5 Bf5 19. Qd2 Rec8 20. Ba3 Qd7 21. Nd6 Rxc1 22. Rxc1 a6 23. Qa5 Nc8 24. Rc7 b6 25. Rxd7 bxa5 26. Rd8+ 1-0

[Event "Wch Seniors 20th"]
[Site "Arco"]
[Date "2010.10.30"]
[Round "5"]
[White "Standal, Bard"]
[Black "Trifoni, Giorgio"]
[Result "1-0"]
[WhiteElo "1914"]
[BlackElo "1691"]
[PlyCount "43"]
[EventDate "2010.10.26"]
[EventType "swiss"]
[EventRounds "11"]
[EventCountry "ITA"]
[SourceTitle "EXT 2011"]
[Source "ChessBase"]
[SourceDate "2010.11.26"]
[SourceVersion "1"]
[SourceVersionDate "2010.11.26"]
[SourceQuality "1"]

1. Nf3 b6 2. g3 Bb7 3. Bg2 e6 4. 0-0 Ne7 5. d3 d6 6. Nbd2 Nd7 7. Re1 g6 8. e4 Bg7 9. Qe2 h6 10. h3 g5 11. Nh2 Ng6 12. Ndf1 Qf6 13. c3 h5 14. e5 Ngxe5 15. Bxb7 Rb8 16. Bg2 g4 17. h4 d5 18. d4 Ng6 19. Bg5 Qf5 20. Ne3 Nf4 21. Bxf4 Qg6 22. Nxd5 1-0

[Event "EU-chT Seniors 12th"]
[Site "Dresden"]
[Date "2010.02.12"]
[Round "3"]
[White "Kendall, Paul SN"]
[Black "Standal, Bard"]
[Result "1/2-1/2"]
[WhiteElo "2069"]
[BlackElo "1919"]
[PlyCount "42"]
[EventDate "2010.02.10"]
[EventType "team-swiss"]
[EventRounds "9"]
[EventCountry "GER"]
[SourceTitle "CBM 134 Extra"]
[Source "ChessBase"]
[SourceDate "2010.03.03"]
[SourceVersion "1"]
[SourceVersionDate "2010.03.03"]
[SourceQuality "1"]
[WhiteTeam "England (Seniors) II"]
[BlackTeam "Norway (Seniors) III"]
[WhiteTeamCountry "ENG"]
[BlackTeamCountry "NOR"]

1. e4 c5 2. Nc3 d6 3. f4 g6 4. Bb5+ Bd7 5. a4 a6 6. Bxd7+ Nxd7 7. Nf3 Bg7 8. 0-0 e6 9. Qe1 Ne7 10. d3 0-0 11. Qh4 Nc6 12. Qh3 Nd4 13. Nxd4 Bxd4+ 14. Kh1 f5 15. Bd2 Bg7 16. Rae1 Nf6 17. Qf3 d5 18. exf5 exf5 19. Re5 d4 20. Nd5 Nxd5 21. Rxd5 Qc7 1/2-1/2

[Event "Wch Seniors 18th"]
[Site "Bad Zwischenahn"]
[Date "2008.11.02"]
[Round "6"]
[White "Standal, Bard"]
[Black "Kuehn, Peter1"]
[Result "1/2-1/2"]
[WhiteElo "1911"]
[BlackElo "2044"]
[PlyCount "29"]
[EventDate "2008.10.28"]
[EventType "swiss"]
[EventRounds "11"]
[EventCountry "GER"]
[SourceTitle "EXT 2009"]
[Source "ChessBase"]
[SourceDate "2008.11.26"]
[SourceVersion "1"]
[SourceVersionDate "2008.11.26"]
[SourceQuality "1"]

1. Nf3 c5 2. e4 Nc6 3. d4 cxd4 4. Nxd4 g6 5. Be3 Bg7 6. Nc3 d6 7. Be2 Nf6 8. g4 a6 9. g5 Nd7 10. Qd2 Nb6 11. Nd5 Nxd5 12. exd5 Nxd4 13. Bxd4 Bxd4 14. Qxd4 0-0 15. 0-0-0 1/2-1/2

[Event "EU-chT Seniors 10th"]
[Site "Dresden"]
[Date "2008.02.17"]
[Round "7.1"]
[White "Meier, Wolfgang"]
[Black "Standal, Bard"]
[Result "1-0"]
[WhiteElo "2207"]
[BlackElo "1901"]
[PlyCount "43"]
[EventDate "2008.02.11"]
[EventType "team-swiss"]
[EventRounds "9"]
[EventCountry "GER"]
[SourceTitle "CBM 122 Extra"]
[Source "ChessBase"]
[SourceDate "2008.03.04"]
[SourceVersion "1"]
[SourceVersionDate "2008.03.04"]
[SourceQuality "1"]
[WhiteTeam "Dresden Lokomotiv"]
[BlackTeam "Norway IV"]
[WhiteTeamCountry "GER"]
[BlackTeamCountry "NOR"]

1. e4 c5 2. Nf3 d6 3. d4 cxd4 4. Nxd4 Nf6 5. Nc3 a6 6. Be3 e5 7. Nb3 Be6 8. Be2 Be7 9. Qd2 Qc7 10. 0-0 Nbd7 11. f3 b5 12. Kh1 Nb6 13. Bxb6 Qxb6 14. Nc1 Rc8 15. a3 0-0 16. N1a2 Rc5 17. Nb4 Bc4 18. Bxc4 bxc4 19. Na4 Qb7 20. Nxc5 dxc5 21. Nd5 Nxd5 22. Qxd5 1-0

[Event "EU-chT Seniors 10th"]
[Site "Dresden"]
[Date "2008.02.15"]
[Round "5.1"]
[White "Mewes, Hans Dieter"]
[Black "Standal, Bard"]
[Result "1/2-1/2"]
[WhiteElo "1958"]
[BlackElo "1901"]
[PlyCount "30"]
[EventDate "2008.02.11"]
[EventType "team-swiss"]
[EventRounds "9"]
[EventCountry "GER"]
[SourceTitle "CBM 122 Extra"]
[Source "ChessBase"]
[SourceDate "2008.03.04"]
[SourceVersion "1"]
[SourceVersionDate "2008.03.04"]
[SourceQuality "1"]
[WhiteTeam "Stoertebeker"]
[BlackTeam "Norway IV"]
[WhiteTeamCountry "GER"]
[BlackTeamCountry "NOR"]

1. d4 Nf6 2. c4 g6 3. Nc3 Bg7 4. e4 d6 5. Nf3 Nbd7 6. h3 0-0 7. Be3 e5 8. dxe5 Nxe5 9. Nxe5 dxe5 10. Be2 c6 11. Qc2 Qe7 12. a3 b6 13. Rd1 Be6 14. 0-0 Rfd8 15. Rxd8+ Rxd8 1/2-1/2

[Event "EU-chT Seniors 10th"]
[Site "Dresden"]
[Date "2008.02.12"]
[Round "2.1"]
[White "Standal, Bard"]
[Black "Nugel, Karl Heinz"]
[Result "1/2-1/2"]
[WhiteElo "1901"]
[BlackElo "2155"]
[PlyCount "30"]
[EventDate "2008.02.11"]
[EventType "team-swiss"]
[EventRounds "9"]
[EventCountry "GER"]
[SourceTitle "CBM 122 Extra"]
[Source "ChessBase"]
[SourceDate "2008.03.04"]
[SourceVersion "1"]
[SourceVersionDate "2008.03.04"]
[SourceQuality "1"]
[WhiteTeam "Norway IV"]
[BlackTeam "Hamburger SK"]
[WhiteTeamCountry "NOR"]
[BlackTeamCountry "GER"]

1. e4 c5 2. Nf3 e6 3. d4 cxd4 4. Nxd4 Nc6 5. Nb3 Nf6 6. Nc3 d6 7. Be2 a6 8. Be3 b5 9. a3 Be7 10. 0-0 0-0 11. f4 Qc7 12. Bf3 Bb7 13. Qe2 Nd7 14. Rad1 Rfe8 15. Qf2 Bf8 1/2-1/2

[Event "EU-chT Seniors 09th"]
[Site "Dresden"]
[Date "2007.02.23"]
[Round "8"]
[White "Standal, Bard"]
[Black "Fritsch, Juergen"]
[Result "1/2-1/2"]
[WhiteElo "1923"]
[BlackElo "1984"]
[PlyCount "28"]
[EventDate "2007.02.16"]
[EventType "team-swiss"]
[EventRounds "9"]
[EventCountry "GER"]
[SourceTitle "CBM 117 Extra"]
[Source "ChessBase"]
[SourceDate "2007.05.09"]
[SourceVersion "1"]
[SourceVersionDate "2007.05.09"]
[SourceQuality "1"]

1. Nf3 d5 2. d3 Bf5 3. g3 e6 4. Bg2 c6 5. Nbd2 Bd6 6. e4 dxe4 7. dxe4 Bg4 8. h3 Bxf3 9. Qxf3 Qf6 10. 0-0 Nd7 11. Nc4 Bc7 12. Rd1 Qxf3 13. Bxf3 Ne5 14. Nxe5 Bxe5 1/2-1/2

[Event "EU-chT Seniors 09th"]
[Site "Dresden"]
[Date "2007.02.17"]
[Round "2"]
[White "Standal, Bard"]
[Black "Rost van Tonningen, Otto"]
[Result "0-1"]
[WhiteElo "1923"]
[BlackElo "2116"]
[PlyCount "78"]
[EventDate "2007.02.16"]
[EventType "team-swiss"]
[EventRounds "9"]
[EventCountry "GER"]
[SourceTitle "CBM 117 Extra"]
[Source "ChessBase"]
[SourceDate "2007.05.09"]
[SourceVersion "1"]
[SourceVersionDate "2007.05.09"]
[SourceQuality "1"]

1. e4 d6 2. d4 Nf6 3. Nc3 Nbd7 4. h3 e5 5. Be3 c6 6. Nf3 Qc7 7. Bd3 Be7 8. a4 a5 9. Qe2 h6 10. 0-0 g5 11. Nh2 Nf8 12. dxe5 dxe5 13. f3 Ng6 14. Ng4 Nh5 15. Qf2 Nhf4 16. Bxf4 Nxf4 17. Rfe1 h5 18. Ne3 Bxh3 19. g3 Nxd3 20. cxd3 Be6 21. Qc2 Bc5 22. Kg2 Bxe3 23. Rxe3 g4 24. Nd5 Qd6 25. Nb6 Rd8 26. Nc4 Qc5 27. Qe2 Ke7 28. f4 Bxc4 29. dxc4 Rd4 30. fxe5 Rhd8 31. Qf2 Qxe5 32. Rae1 Rxc4 33. b3 Rcd4 34. Qf5 Qxf5 35. exf5+ Kf6 36. Re7 Rd2+ 37. Kf1 R8d7 38. R7e5 Rd1 39. Rxa5 R1d3 0-1

[Event "NOR-chT2"]
[Site "Oslo"]
[Date "2006.06.11"]
[Round "5"]
[White "Bentsen, Hakon"]
[Black "Standal, Bard"]
[Result "1-0"]
[WhiteElo "2180"]
[BlackElo "1928"]
[PlyCount "93"]
[EventDate "2006.06.07"]
[EventType "team-tourn"]
[EventRounds "5"]
[EventCountry "NOR"]
[SourceTitle "CBM 112 Extra"]
[Source "ChessBase"]
[SourceDate "2006.07.14"]
[SourceVersion "1"]
[SourceVersionDate "2006.07.14"]
[SourceQuality "1"]

1. e4 c5 2. Nf3 d6 3. d4 cxd4 4. Nxd4 Nf6 5. Nc3 a6 6. Be2 e5 7. Nb3 Be6 8. Bg5 Be7 9. Qd2 Nbd7 10. Rd1 Qc7 11. 0-0 b5 12. Bf3 Rc8 13. a3 Nb6 14. Bxf6 Nc4 15. Nd5 Bxd5 16. Qxd5 Bxf6 17. Bg4 Rd8 18. Rb1 0-0 19. Rfd1 Bg5 20. Be2 Nb6 21. Qd3 d5 22. c3 dxe4 23. Qxe4 f5 24. Qc2 e4 25. Nd4 Rde8 26. Qb3+ Qf7 27. Qxf7+ Rxf7 28. Nc6 Rc7 29. Nb4 Nc4 30. Nxa6 Ra7 31. Bxc4+ bxc4 32. Nb4 f4 33. Rd5 Bh6 34. Re1 e3 35. Kf1 Rae7 36. f3 g5 37. Ke2 g4 38. fxg4 Rg7 39. h3 Bg5 40. Rf1 h6 41. a4 Re4 42. a5 h5 43. a6 hxg4 44. hxg4 Bh4 45. Rd4 Rxd4 46. cxd4 Rxg4 47. a7 1-0

[Event "EU-chT Seniors 08th"]
[Site "Dresden"]
[Date "2006.02.21"]
[Round "5"]
[White "Mueller, Siegmar"]
[Black "Standal, Bard"]
[Result "1/2-1/2"]
[WhiteElo "2055"]
[BlackElo "1935"]
[PlyCount "32"]
[EventDate "2006.02.17"]
[EventType "team-swiss"]
[EventRounds "8"]
[EventCountry "GER"]
[SourceTitle "CBM 111 Extra"]
[Source "ChessBase"]
[SourceDate "2006.05.09"]
[SourceVersion "1"]
[SourceVersionDate "2006.05.09"]
[SourceQuality "1"]
[WhiteTeam "Grossroehrsdorf/BSW"]
[BlackTeam "Norway III"]
[WhiteTeamCountry "GER"]
[BlackTeamCountry "NOR"]

1. Nc3 g6 2. e4 Bg7 3. d4 d6 4. Be3 Nc6 5. Bb5 Bd7 6. Qd2 e5 7. Nf3 Nf6 8. h3 0-0 9. g4 exd4 10. Nxd4 Nxd4 11. Bxd4 Bxb5 12. Nxb5 Nxe4 13. Qd3 Bxd4 14. Qxd4 Re8 15. 0-0-0 a6 16. Nc3 Nxc3 1/2-1/2

[Event "EU-chT Seniors 08th"]
[Site "Dresden"]
[Date "2006.02.19"]
[Round "3"]
[White "Standal, Bard"]
[Black "Feavyour, John"]
[Result "0-1"]
[WhiteElo "1935"]
[BlackElo "2068"]
[PlyCount "58"]
[EventDate "2006.02.17"]
[EventType "team-swiss"]
[EventRounds "8"]
[EventCountry "GER"]
[SourceTitle "CBM 111 Extra"]
[Source "ChessBase"]
[SourceDate "2006.05.09"]
[SourceVersion "1"]
[SourceVersionDate "2006.05.09"]
[SourceQuality "1"]
[WhiteTeam "Norway III"]
[BlackTeam "Great Britain IV"]
[WhiteTeamCountry "NOR"]
[BlackTeamCountry "GBR"]

1. e4 e6 2. d3 d5 3. Nd2 c5 4. Ngf3 Nf6 5. g3 dxe4 6. dxe4 Be7 7. Bg2 0-0 8. 0-0 Nc6 9. Qe2 Qc7 10. c3 e5 11. Re1 h6 12. h3 Be6 13. Kh2 Rad8 14. Nc4 b5 15. Ncd2 c4 16. Nf1 Rd3 17. Nh4 Nd7 18. Nf5 Bg5 19. h4 Bxc1 20. Raxc1 Kh7 21. Rcd1 g6 22. N5e3 Nc5 23. Nd5 Qd8 24. Nfe3 f5 25. exf5 gxf5 26. Nf6+ Qxf6 27. Bxc6 f4 28. Ng4 fxg3+ 29. fxg3 Bxg4 0-1

[Event "EU-chT Seniors 08th"]
[Site "Dresden"]
[Date "2006.02.18"]
[Round "2"]
[White "Tchetchelnitski, Boris"]
[Black "Standal, Bard"]
[Result "1-0"]
[WhiteElo "2204"]
[BlackElo "1935"]
[PlyCount "129"]
[EventDate "2006.02.17"]
[EventType "team-swiss"]
[EventRounds "8"]
[EventCountry "GER"]
[SourceTitle "CBM 111 Extra"]
[Source "ChessBase"]
[SourceDate "2006.05.09"]
[SourceVersion "1"]
[SourceVersionDate "2006.05.09"]
[SourceQuality "1"]
[WhiteTeam "Bremer SG"]
[BlackTeam "Norway III"]
[WhiteTeamCountry "GER"]
[BlackTeamCountry "NOR"]

1. g3 g6 2. Bg2 Bg7 3. c4 Nf6 4. Nc3 d6 5. Nf3 0-0 6. 0-0 Nbd7 7. d4 e5 8. e4 c6 9. h3 a6 10. Be3 Qe7 11. Qc2 Nh5 12. Rad1 f5 13. exf5 gxf5 14. dxe5 dxe5 15. Bg5 Qf7 16. Ne2 Nc5 17. Be3 Ne6 18. Ng5 Nxg5 19. Bxg5 Be6 20. b3 h6 21. Bh4 Bf6 22. Bxf6 Qxf6 23. Qc3 Rad8 24. f4 e4 25. Qxf6 Nxf6 26. Nd4 Bc8 27. Nc2 Kf7 28. Ne3 Kg6 29. Kf2 h5 30. Rfe1 Rfe8 31. Bf1 Be6 32. Be2 Bc8 33. Rg1 Rxd1 34. Rxd1 Kf7 35. c5 Be6 36. Bc4 Nd5 37. Bxd5 cxd5 38. Nxd5 Rd8 39. Ne3 Rxd1 40. Nxd1 Kf6 41. h4 Bd7 42. Ke3 Bb5 43. Kd4 Bc6 44. Ne3 Ke6 45. a3 Kf6 46. b4 Ke6 47. Nd1 Kf6 48. Nc3 Ke6 49. a4 Bd7 50. b5 axb5 51. axb5 Bc8 52. Kc4 Bd7 53. Ne2 Kf6 54. Nd4 Be6+ 55. Kc3 Bd5 56. Nc2 Be6 57. Nb4 Bc8 58. Kd4 Ke6 59. Kc4 Bd7 60. c6 bxc6 61. bxc6 Bc8 62. Kc5 e3 63. Nc2 e2 64. Nd4+ Ke7 65. Nxe2 1-0

[Event "Wch Seniors 15th"]
[Site "Lignano Sabbiadoro"]
[Date "2005.10.09"]
[Round "11"]
[White "Belokopyt, Boris Khaimovich"]
[Black "Standal, Bard"]
[Result "0-1"]
[WhiteElo "2111"]
[BlackElo "1937"]
[PlyCount "80"]
[EventDate "2005.09.28"]
[EventType "swiss"]
[EventRounds "11"]
[EventCountry "ITA"]
[SourceTitle "CBM 108 Extra"]
[Source "ChessBase"]
[SourceDate "2005.11.04"]
[SourceVersion "1"]
[SourceVersionDate "2005.11.04"]
[SourceQuality "1"]

1. e4 c5 2. Nf3 d6 3. d4 cxd4 4. Nxd4 Nf6 5. Nc3 a6 6. Bg5 e6 7. f4 Be7 8. Qf3 Qc7 9. 0-0-0 Nbd7 10. Bd3 b5 11. Rhe1 Bb7 12. Nd5 exd5 13. exd5 Kf8 14. Nc6 Re8 15. Nxe7 Rxe7 16. Rxe7 Kxe7 17. Re1+ Kd8 18. Bf5 h6 19. Bh4 Re8 20. Rd1 Qc5 21. Bf2 Qc7 22. Qg3 Qc4 23. b3 Qb4 24. Bd4 Nxd5 25. Qxg7 Re7 26. Kb2 Qa5 27. Qh8+ Kc7 28. Qxh6 b4 29. Bxd7 Rxd7 30. Rd3 Qa3+ 31. Kb1 Re7 32. Qh4 Re2 33. Bb2 Qa5 34. Qg3 Qc5 35. c4 Qg1+ 36. Bc1 Nc3+ 37. Rxc3 bxc3 38. Qxc3 Be4+ 39. Ka1 Rc2 40. Qa5+ Kd7 0-1

[Event "Halden GP op-A"]
[Site "Halden"]
[Date "2005.09.04"]
[Round "4"]
[White "Andersen, Dag"]
[Black "Standal, Bard"]
[Result "1-0"]
[WhiteElo "1644"]
[BlackElo "1650"]
[PlyCount "71"]
[EventDate "2005.09.02"]
[EventType "swiss"]
[EventRounds "5"]
[EventCountry "NOR"]
[SourceTitle "EXT 2007"]
[Source "ChessBase"]
[SourceDate "2006.11.23"]
[SourceVersion "1"]
[SourceVersionDate "2006.11.23"]
[SourceQuality "1"]

1. e4 c5 2. Nf3 d6 3. Nc3 Nf6 4. d4 cxd4 5. Nxd4 a6 6. Bg5 e6 7. f4 Be7 8. Qf3 Qc7 9. 0-0-0 Nbd7 10. g4 b5 11. Bxf6 Nxf6 12. Bd3 Bb7 13. g5 Nd7 14. Rhe1 Nc5 15. Bf1 b4 16. Nb1 Rc8 17. Rd2 0-0 18. h4 d5 19. e5 Ne4 20. Rh2 Bc5 21. Qd3 Qb6 22. Nb3 Be7 23. h5 Rc7 24. Qf3 a5 25. Bd3 a4 26. Na1 a3 27. Nb3 axb2+ 28. Kxb2 Bc5 29. Nxc5 Qxc5 30. g6 Qd4+ 31. Kc1 fxg6 32. h6 gxh6 33. Qh3 Rf5 34. Bxe4 dxe4 35. Rd1 Qc5 36. Rd8+ 1-0

[Event "Gausdal Classics Elo"]
[Site "Gausdal"]
[Date "2005.04.19"]
[Round "7"]
[White "Standal, Bard"]
[Black "Carlsen, Ellen Oen"]
[Result "1/2-1/2"]
[WhiteElo "1949"]
[BlackElo "1871"]
[PlyCount "35"]
[EventDate "2005.04.13"]
[EventType "swiss"]
[EventRounds "9"]
[EventCountry "NOR"]
[SourceTitle "CBM 105 Extra"]
[Source "ChessBase"]
[SourceDate "2005.05.01"]
[SourceVersion "1"]
[SourceVersionDate "2005.05.01"]
[SourceQuality "1"]

1. e4 c5 2. Nf3 Nc6 3. d3 g6 4. Nbd2 Bg7 5. g3 d6 6. Bg2 Nf6 7. 0-0 0-0 8. c3 Rb8 9. a4 Nh5 10. Re1 Bd7 11. Nf1 Qc7 12. Ne3 e6 13. h3 Rfc8 14. Ng4 Re8 15. Bh6 Qc8 16. Bxg7 Kxg7 17. Qd2 Rh8 18. e5 1/2-1/2